| 000 | 00548nam a2200169 a 4500 | ||
|---|---|---|---|
| 005 | 20140412111238.0 | ||
| 008 | 001109s19uu xx 00 eng d | ||
| 020 | _a0-394-88975-4 | ||
| 050 |
_aM 567.9 _bL222 1987 |
||
| 100 | _aLambert, David | ||
| 245 |
_aThe Age of dinosaurs / _cwritten by David Lambert ; designed by David Wash; illustrated by John Francis Bernard Robinson. |
||
| 260 |
_aNew York : _bRandom House, _c1987. |
||
| 300 | _a24 p. | ||
| 650 | _aDinosaurs - - Juvenile Literature | ||
| 650 | _aReptiles, Fossil | ||
| 999 |
_c102541 _d102541 |
||